[Event "Madrid ch Final"]
[Site "Madrid ESP"]
[Date "2005.03.10"]
[Round "6.1"]
[White "Roa Alonso, Santiago"]
[Black "Franco Alonso, Alejandro"]
[Result "1/2-1/2"]
[WhiteElo "2360"]
[BlackElo "2387"]
[PlyCount "155"]
[EventDate "2005.03.02"]
[EventType "tourn"]
[EventRounds "11"]
[EventCountry "ESP"]
[Source "lmi"]
[SourceDate "2005.03.20"]

1. Nf3 Nf6 2. g3 b6 3. Bg2 Bb7 4. O-O c5 5. c4 e6 6. b3 Be7 7. Bb2 O-O 8. e3 d5
9. Qe2 Nc6 10. Rd1 Qc7 11. Nc3 dxc4 12. bxc4 Rfd8 13. Rab1 Rac8 14. d3 Qb8 15.
Ne1 Nb4 16. Bxb7 Qxb7 17. f4 Ne8 18. a3 Nc6 19. Nf3 Rd7 20. Ne4 Nd6 21. Nxd6
Rxd6 22. Nd2 Rd7 23. Ne4 f5 24. Nf2 Rcd8 25. e4 Bf8 26. exf5 exf5 27. Qe6+ Rf7
28. Re1 Rd6 29. Qe8 Rd8 30. Qe6 Qd7 31. Qxd7 Rfxd7 32. Re6 Rd6 33. Rbe1 Kf7 34.
Rxd6 Rxd6 35. Kg2 g6 36. h3 Be7 37. Re3 a6 38. a4 Nb4 39. g4 Nc2 40. Re2 Nd4
41. Re3 Bf6 42. gxf5 gxf5 43. Bxd4 Bxd4 44. Re2 Rg6+ 45. Kh2 Bg7 46. Nd1 Bh6
47. Rf2 Re6 48. Nc3 Re3 49. Nd5 Rxd3 50. Rb2 Rd4 51. Rxb6 Bxf4+ 52. Nxf4 Rxf4
53. Rxa6 Rxc4 54. Rc6 Rxa4 55. Rxc5 Kg6 56. Kg3 h6 57. Rb5 Kg5 58. h4+ Kg6 59.
Rb6+ Kg7 60. Rb7+ Kf6 61. Rb6+ Ke5 62. Rxh6 Ra3+ 63. Kf2 Kf4 64. Rb6 Ra2+ 65.
Kf1 Kf3 66. Rb3+ Kg4 67. Rb4+ f4 68. Rb3 Kxh4 69. Rc3 Kg4 70. Rb3 Rh2 71. Ra3
Rc2 72. Rb3 Rc4 73. Ra3 Re4 74. Rb3 f3 75. Rb8 Kf4 76. Rf8+ Ke3 77. Ra8 Rb4 78.
Re8+ 1/2-1/2

[Event "Madrid ch Final"]
[Site "Madrid ESP"]
[Date "2005.03.10"]
[Round "6.2"]
[White "Almagro Llanas, Pablo"]
[Black "Moreno Ruiz, Javier"]
[Result "0-1"]
[WhiteElo "2350"]
[BlackElo "2485"]
[PlyCount "62"]
[EventDate "2005.03.02"]
[EventType "tourn"]
[EventRounds "11"]
[EventCountry "ESP"]
[Source "lmi"]
[SourceDate "2005.03.20"]

1. e4 e5 2. Nf3 Nc6 3. Bb5 a6 4. Ba4 Nf6 5. O-O Be7 6. Re1 b5 7. Bb3 d6 8. c3
O-O 9. h3 Na5 10. Bc2 c5 11. d4 Qc7 12. Nbd2 cxd4 13. cxd4 Rd8 14. d5 Bd7 15.
Nf1 Rdc8 16. Bb1 Nb7 17. Ng3 Nc5 18. Be3 b4 19. Bc2 Qb7 20. Rc1 a5 21. Nd2 Qa6
22. b3 g6 23. f4 Bb5 24. fxe5 dxe5 25. Qf3 Nd3 26. Bxd3 Bxd3 27. Bh6 Ne8 28.
Qg4 Nd6 29. Nf3 Bf6 30. Bg5 Bg7 31. Be7 Qa7+ 0-1

[Event "Madrid ch Final"]
[Site "Madrid ESP"]
[Date "2005.03.10"]
[Round "6.4"]
[White "Barez Menendez, Hector"]
[Black "Ballesteros Gonzalez, David"]
[Result "1-0"]
[WhiteElo "2206"]
[BlackElo "2247"]
[PlyCount "73"]
[EventDate "2005.03.02"]
[EventType "tourn"]
[EventRounds "11"]
[EventCountry "ESP"]
[Source "lmi"]
[SourceDate "2005.03.20"]

1. Nf3 Nf6 2. c4 g6 3. g3 Bg7 4. Bg2 O-O 5. O-O d6 6. d4 c6 7. Nc3 Nbd7 8. e4
e5 9. h3 Re8 10. Be3 Qc7 11. Re1 a5 12. Qc2 Rb8 13. c5 Nh5 14. cxd6 Qxd6 15.
Rad1 Qc7 16. dxe5 Nxe5 17. Nd5 Nxf3+ 18. Bxf3 Qe5 19. Bd4 Qg5 20. h4 Qd8 21.
Bb6 Qd6 22. Nc7 Qf6 23. Bxh5 Rf8 24. Be2 g5 25. Bd4 Qe7 26. Bc5 Qf6 27. Bxf8
Bxf8 28. Ne8 Qe5 29. Rd8 gxh4 30. Qc3 Qxc3 31. bxc3 Be7 32. Nf6+ Kg7 33. Nh5+
Kh6 34. Re8 Bc5 35. gxh4 b5 36. Ng3 a4 37. Rd1 1-0

[Event "Madrid ch Final"]
[Site "Madrid ESP"]
[Date "2005.03.10"]
[Round "6.5"]
[White "Alvarez Abejon, Amilcar"]
[Black "Vazquez, Renier"]
[Result "0-1"]
[WhiteElo "2129"]
[BlackElo "2479"]
[PlyCount "32"]
[EventDate "2005.03.02"]
[EventType "tourn"]
[EventRounds "11"]
[EventCountry "ESP"]
[Source "lmi"]
[SourceDate "2005.03.20"]

1. d4 Nf6 2. c4 e6 3. Nc3 Bb4 4. Qc2 c5 5. dxc5 Na6 6. Nf3 Nxc5 7. a3 Bxc3+ 8.
Qxc3 b6 9. g3 Ba6 10. Bg2 Rc8 11. Nd2 d5 12. b4 Ncd7 13. b5 Bxb5 14. Bb2 Bxc4
15. Nxc4 Rxc4 16. Qe3 Qc7 0-1

[Event "Madrid ch Final"]
[Site "Madrid ESP"]
[Date "2005.03.10"]
[Round "6.6"]
[White "De la Fuente Gonzalez, Francisco"]
[Black "Cortes Jurado, Rafael"]
[Result "1/2-1/2"]
[WhiteElo "2211"]
[BlackElo "2091"]
[PlyCount "64"]
[EventDate "2005.03.02"]
[EventType "tourn"]
[EventRounds "11"]
[EventCountry "ESP"]
[Source "lmi"]
[SourceDate "2005.03.20"]

1. d4 Nf6 2. Nf3 e6 3. e3 c5 4. Bd3 d5 5. c4 dxc4 6. Bxc4 Be7 7. O-O O-O 8. Nc3
a6 9. a4 Nc6 10. h3 b6 11. dxc5 Qxd1 12. Rxd1 Bxc5 13. e4 Na5 14. Bd3 Nb3 15.
Rb1 Nxc1 16. Rbxc1 Bb7 17. e5 Bxf3 18. gxf3 Nh5 19. Bf1 Nf4 20. Ne4 Rfc8 21.
Nd6 Rd8 22. Nb7 Rxd1 23. Rxd1 Bf8 24. Rd4 Ng6 25. f4 a5 26. Bd3 Rb8 27. Nd6 Rd8
28. Kg2 Ne7 29. Be4 Nc8 30. Nb5 Rxd4 31. Nxd4 Bc5 32. Nc6 Ne7 1/2-1/2

[Event "Madrid ch Final"]
[Site "Madrid ESP"]
[Date "2005.03.11"]
[Round "7.1"]
[White "Cortes Jurado, Rafael"]
[Black "Roa Alonso, Santiago"]
[Result "0-1"]
[WhiteElo "2091"]
[BlackElo "2360"]
[PlyCount "120"]
[EventDate "2005.03.02"]
[EventType "tourn"]
[EventRounds "11"]
[EventCountry "ESP"]
[Source "lmi"]
[SourceDate "2005.03.20"]

1. e4 d6 2. d4 Nf6 3. Nc3 g6 4. Be3 c6 5. Qd2 b5 6. Bd3 Bb7 7. Nf3 Nbd7 8. h3
Qc7 9. O-O b4 10. Na4 c5 11. dxc5 dxc5 12. Bb5 Bc6 13. Bxc6 Qxc6 14. e5 Ne4 15.
Qd3 c4 16. Qd4 Bg7 17. Rad1 Nd6 18. Qd5 Qxd5 19. Rxd5 Nf5 20. Bf4 e6 21. Rb5 a5
22. Rd1 Ne7 23. Nc5 Nxc5 24. Rxc5 Nd5 25. Rxc4 O-O 26. Bg3 Rfc8 27. Rxc8+ Rxc8
28. Rd2 Bh6 29. Re2 Bc1 30. b3 Nc3 31. Re1 Nxa2 32. Rd1 Nc3 33. Re1 Bb2 34. Bh4
Nd5 35. Re2 h6 36. Bg3 Bc1 37. Nd4 Nc3 38. Re1 Bd2 39. Ra1 Ne4 40. Nf3 Rxc2 41.
Rxa5 Nxg3 42. fxg3 Be3+ 43. Kh2 Rb2 44. h4 h5 45. Rb5 Rxb3 46. Rb8+ Kg7 47. Rb5
Rb1 48. Rb7 b3 49. Rb5 Kf8 50. Rb8+ Ke7 51. Rb7+ Ke8 52. Rb8+ Kd7 53. Rb4 Kc6
54. Re4 Rd1 55. Rb4 Rd3 56. Ne1 Rc3 57. Nf3 Bc5 58. Rb8 Rxf3 59. Rc8+ Kb5 60.
gxf3 b2 0-1

[Event "Madrid ch Final"]
[Site "Madrid ESP"]
[Date "2005.03.11"]
[Round "7.2"]
[White "Vazquez, Renier"]
[Black "De la Fuente Gonzalez, Francisco"]
[Result "1/2-1/2"]
[WhiteElo "2479"]
[BlackElo "2211"]
[PlyCount "130"]
[EventDate "2005.03.02"]
[EventType "tourn"]
[EventRounds "11"]
[EventCountry "ESP"]
[Source "lmi"]
[SourceDate "2005.03.20"]

1. d4 d5 2. c4 c6 3. e3 Nf6 4. Nc3 e6 5. Nf3 Nbd7 6. Qc2 Bd6 7. b3 O-O 8. Be2
e5 9. cxd5 cxd5 10. Nb5 Bb4+ 11. Bd2 Bxd2+ 12. Nxd2 Qe7 13. O-O e4 14. Qc7 Ne8
15. Qc3 Qd8 16. Rfc1 a6 17. Nc7 Nxc7 18. Qxc7 Nf6 19. a4 Qxc7 20. Rxc7 Rd8 21.
b4 Ne8 22. Rc5 Be6 23. Nb3 Nd6 24. a5 Rac8 25. Rac1 Kf8 26. g4 Ke7 27. h3 g6
28. Kg2 h6 29. Kg3 g5 30. h4 f5 31. hxg5 hxg5 32. Rh1 Rf8 33. Rh7+ Rf7 34.
Rxf7+ Kxf7 35. gxf5 Nxf5+ 36. Kh2 Nd6 37. Kg2 Kf6 38. Nd2 Nf5 39. Nb3 Nd6 40.
Nc1 Nf5 41. Na2 Ne7 42. b5 axb5 43. Bxb5 Rxc5 44. dxc5 d4 45. Nb4 d3 46. Kf1
Nd5 47. Nxd5+ Bxd5 48. Ke1 Ke7 49. Kd2 Kd8 50. Kc3 Kc7 51. Ba4 Be6 52. Kd4 Bd7
53. Bd1 Bc6 54. Ke5 Kb8 55. Kd4 Ka7 56. Kc4 Ka6 57. Kb4 Bd7 58. Bh5 Bc6 59. Bf7
Bd7 60. Bc4+ Ka7 61. Kc3 Bg4 62. Bb5 Bf3 63. Kd2 Kb8 64. c6 bxc6 65. Bxc6 Ka7
1/2-1/2

[Event "Madrid ch Final"]
[Site "Madrid ESP"]
[Date "2005.03.11"]
[Round "7.3"]
[White "Ballesteros Gonzalez, David"]
[Black "Alvarez Abejon, Amilcar"]
[Result "1-0"]
[WhiteElo "2247"]
[BlackElo "2129"]
[PlyCount "99"]
[EventDate "2005.03.02"]
[EventType "tourn"]
[EventRounds "11"]
[EventCountry "ESP"]
[Source "lmi"]
[SourceDate "2005.03.20"]

1. d4 d5 2. c4 e6 3. Nc3 Be7 4. Bf4 Nf6 5. e3 O-O 6. Nf3 c5 7. dxc5 Bxc5 8. Bg5
Be7 9. cxd5 exd5 10. Be2 Nc6 11. O-O Qa5 12. a3 Be6 13. b4 Qb6 14. b5 Na5 15.
Nd4 Rac8 16. Na4 Qd8 17. Bd3 Nc4 18. Ra2 Qa5 19. Bxc4 Rxc4 20. Nb2 Rc3 21. Qe1
Bb4 22. axb4 Qxa2 23. Bxf6 Qxb2 24. Nxe6 gxf6 25. Nxf8 Kxf8 26. Qd1 Qb3 27. g3
Qc4 28. Qf3 Qxb5 29. Qxf6 Qxb4 30. Qd8+ Kg7 31. Qg5+ Kf8 32. Qxd5 a5 33. Qd8+
Kg7 34. Qg5+ Kf8 35. Rd1 Rc8 36. Rd4 Qc3 37. h4 Qa1+ 38. Kh2 a4 39. h5 Qf1 40.
Qh6+ Ke8 41. Re4+ Kd7 42. Qf6 Kc7 43. Re7+ Kb8 44. Qf4+ Ka7 45. Qxa4+ Kb8 46.
Qf4+ Ka7 47. Rxf7 Rc1 48. Qd4+ Ka6 49. Rf6+ Kb5 50. Rb6+ 1-0

[Event "Madrid ch Final"]
[Site "Madrid ESP"]
[Date "2005.03.11"]
[Round "7.5"]
[White "Moreno Ruiz, Javier"]
[Black "Salgado Lopez, Oscar"]
[Result "1-0"]
[WhiteElo "2485"]
[BlackElo "2138"]
[PlyCount "43"]
[EventDate "2005.03.02"]
[EventType "tourn"]
[EventRounds "11"]
[EventCountry "ESP"]
[Source "lmi"]
[SourceDate "2005.03.20"]

1. d4 d5 2. c4 c6 3. Nc3 Nf6 4. e3 a6 5. Nf3 b5 6. b3 Bg4 7. Be2 e6 8. O-O Nbd7
9. h3 Bh5 10. Bb2 Bd6 11. Ne5 Bxe2 12. Nxe2 Qc7 13. cxd5 cxd5 14. Rc1 Qb7 15.
Qc2 Rd8 16. Qc6 Qxc6 17. Rxc6 Nb8 18. Rb6 Ke7 19. Rc1 Rc8 20. Rxd6 Rxc1+ 21.
Bxc1 Rc8 22. Ba3 1-0

[Event "Madrid ch Final"]
[Site "Madrid ESP"]
[Date "2005.03.11"]
[Round "7.6"]
[White "Franco Alonso, Alejandro"]
[Black "Almagro Llanas, Pablo"]
[Result "1/2-1/2"]
[WhiteElo "2387"]
[BlackElo "2350"]
[PlyCount "29"]
[EventDate "2005.03.02"]
[EventType "tourn"]
[EventRounds "11"]
[EventCountry "ESP"]
[Source "lmi"]
[SourceDate "2005.03.20"]

1. d4 d5 2. c4 c6 3. e3 Nf6 4. Nc3 a6 5. Qc2 Bg4 6. Bd3 Bh5 7. Qb3 Ra7 8. a4 e6
9. a5 Nbd7 10. Nge2 Bd6 11. Bd2 dxc4 12. Bxc4 e5 13. O-O O-O 14. Ng3 Bg6 15. f4
1/2-1/2

[Event "Madrid ch Final"]
[Site "Madrid ESP"]
[Date "2005.03.15"]
[Round "8.1"]
[White "Roa Alonso, Santiago"]
[Black "Almagro Llanas, Pablo"]
[Result "0-1"]
[WhiteElo "2360"]
[BlackElo "2350"]
[PlyCount "83"]
[EventDate "2005.03.02"]
[EventType "tourn"]
[EventRounds "11"]
[EventCountry "ESP"]
[Source "lmi"]
[SourceDate "2005.03.20"]

1. Nf3 Nf6 2. g3 d5 3. Bg2 c6 4. b3 Bf5 5. Bb2 Nbd7 6. O-O e6 7. c4 Be7 8. Na3
O-O 9. Nc2 h6 10. d3 a5 11. a3 Qc7 12. Qd2 Bh7 13. cxd5 exd5 14. b4 axb4 15.
axb4 b6 16. Ne3 c5 17. Nh4 Rxa1 18. Rxa1 d4 19. Nef5 Bd8 20. e3 dxe3 21. fxe3
Ne5 22. e4 Nfd7 23. bxc5 bxc5 24. Ra6 Bg5 25. Qc2 Qb7 26. Rd6 Rb8 27. Bxe5 Nxe5
28. Qxc5 Qb1+ 29. Bf1 Bxf5 30. exf5 Ng4 31. Ng2 Be7 32. Qd4 Bxd6 33. Qxg4 Bc5+
34. d4 Rb4 35. Nf4 Rxd4 36. Kg2 Qe4+ 37. Kh3 Bd6 38. f6 g6 39. Bg2 Qe8 40. Bd5
Kh7 41. Ba2 Bxf4 42. gxf4 0-1

[Event "Madrid ch Final"]
[Site "Madrid ESP"]
[Date "2005.03.15"]
[Round "8.2"]
[White "Salgado Lopez, Oscar"]
[Black "Franco Alonso, Alejandro"]
[Result "0-1"]
[WhiteElo "2138"]
[BlackElo "2387"]
[PlyCount "60"]
[EventDate "2005.03.02"]
[EventType "tourn"]
[EventRounds "11"]
[EventCountry "ESP"]
[Source "lmi"]
[SourceDate "2005.03.20"]

1. e4 c5 2. Nf3 d6 3. d4 cxd4 4. Nxd4 Nf6 5. Nc3 a6 6. f3 e6 7. Be3 b5 8. Qd2
Nbd7 9. g4 Nb6 10. O-O-O Bb7 11. Qf2 Nfd7 12. Bd3 Rc8 13. Kb1 Be7 14. h4 Rxc3
15. bxc3 Qc7 16. Ne2 Na4 17. g5 O-O 18. h5 d5 19. exd5 Bxd5 20. g6 Bf6 21. Bd4
e5 22. Be3 Qd6 23. Bc1 Qe6 24. a3 Ndc5 25. Be3 e4 26. Bxe4 Nxe4 27. fxe4 Bxe4
28. gxh7+ Kh8 29. Rhf1 Qb3+ 30. Ka1 Bxc2 0-1

[Event "Madrid ch Final"]
[Site "Madrid ESP"]
[Date "2005.03.15"]
[Round "8.3"]
[White "Barez Menendez, Hector"]
[Black "Moreno Ruiz, Javier"]
[Result "0-1"]
[WhiteElo "2206"]
[BlackElo "2485"]
[PlyCount "86"]
[EventDate "2005.03.02"]
[EventType "tourn"]
[EventRounds "11"]
[EventCountry "ESP"]
[Source "lmi"]
[SourceDate "2005.03.20"]

1. Nf3 Nf6 2. c4 g6 3. g3 Bg7 4. Bg2 O-O 5. O-O d6 6. d4 Nbd7 7. Nc3 e5 8. e4
c6 9. h3 Qa5 10. Re1 exd4 11. Nxd4 Ne5 12. Bf1 Re8 13. Be3 Be6 14. Nxe6 Rxe6
15. Kg2 a6 16. Qd2 b5 17. cxb5 axb5 18. a3 Nc4 19. Qc2 Nxb2 20. e5 Rxe5 21.
Qxb2 Rxe3 22. Rxe3 Nd5 23. Rc1 Nxe3+ 24. fxe3 Qxa3 25. Qxa3 Rxa3 26. Ne4 d5 27.
Nd6 Bc3 28. Bxb5 cxb5 29. Nxb5 Ra2+ 30. Kf3 Bd2 31. Rc8+ Kg7 32. Rd8 Be1 33.
Rxd5 Rf2+ 34. Ke4 Rh2 35. Rd7 Bxg3 36. Nd4 Kf6 37. Nf3 Rh1 38. Rb7 h6 39. Rb6+
Kg7 40. Rb7 Rxh3 41. Nd4 Bf2 42. Kf4 Rxe3 43. Nf5+ gxf5 0-1

[Event "Madrid ch Final"]
[Site "Madrid ESP"]
[Date "2005.03.15"]
[Round "8.5"]
[White "De la Fuente Gonzalez, Francisco"]
[Black "Ballesteros Gonzalez, David"]
[Result "1-0"]
[WhiteElo "2211"]
[BlackElo "2247"]
[PlyCount "97"]
[EventDate "2005.03.02"]
[EventType "tourn"]
[EventRounds "11"]
[EventCountry "ESP"]
[Source "lmi"]
[SourceDate "2005.03.20"]

1. d4 Nf6 2. Nf3 g6 3. Bg5 Bg7 4. Nbd2 d6 5. e4 O-O 6. Be2 c5 7. c3 h6 8. Bh4
cxd4 9. cxd4 d5 10. e5 Ne4 11. O-O Nc6 12. Bd3 g5 13. Bg3 Bf5 14. Nb3 Nb4 15.
Bb1 a5 16. Nfd2 e6 17. f3 Nxg3 18. hxg3 Nd3 19. Qe2 Nxb2 20. Bxf5 exf5 21. Qb5
Nc4 22. Nxc4 dxc4 23. Qxc4 b6 24. f4 a4 25. Nd2 b5 26. Qb4 g4 27. Rfd1 Qd5 28.
Nf1 Rfd8 29. Qb1 Qe4 30. Qxe4 fxe4 31. Ne3 h5 32. Rab1 Rab8 33. d5 Rdc8 34. d6
Rc3 35. Nf5 Bf8 36. Kf1 b4 37. Rbc1 Rxc1 38. Rxc1 b3 39. axb3 axb3 40. Rb1 b2
41. Ke2 Kh7 42. Nd4 Rb6 43. Ke3 Kg6 44. Kxe4 f6 45. Kd3 fxe5 46. fxe5 Bh6 47.
Kc3 Bc1 48. d7 Bg5 49. Rxb2 1-0

[Event "Madrid ch Final"]
[Site "Madrid ESP"]
[Date "2005.03.15"]
[Round "8.6"]
[White "Cortes Jurado, Rafael"]
[Black "Vazquez, Renier"]
[Result "0-1"]
[WhiteElo "2091"]
[BlackElo "2479"]
[PlyCount "46"]
[EventDate "2005.03.02"]
[EventType "tourn"]
[EventRounds "11"]
[EventCountry "ESP"]
[Source "lmi"]
[SourceDate "2005.03.20"]

1. e4 c5 2. Nf3 e6 3. d4 cxd4 4. Nxd4 a6 5. Nc3 Qc7 6. Be3 Bb4 7. Qd3 Nf6 8.
Rd1 b5 9. Be2 Bb7 10. Bf3 d5 11. exd5 Bxd5 12. O-O Bxc3 13. bxc3 O-O 14. Bg5
Nbd7 15. Bxd5 Nxd5 16. Qh3 Qe5 17. Bh4 Nc5 18. Nc6 Qh5 19. Rd4 Kh8 20. Nb4 Nb6
21. Qe3 Nc4 22. Rxc4 bxc4 23. Be7 Rfc8 0-1

[Event "Madrid ch Final"]
[Site "Madrid ESP"]
[Date "2005.03.16"]
[Round "9.1"]
[White "Vazquez, Renier"]
[Black "Roa Alonso, Santiago"]
[Result "1-0"]
[WhiteElo "2479"]
[BlackElo "2360"]
[PlyCount "59"]
[EventDate "2005.03.02"]
[EventType "tourn"]
[EventRounds "11"]
[EventCountry "ESP"]
[Source "lmi"]
[SourceDate "2005.03.20"]

1. d4 d5 2. c4 e6 3. Nc3 c5 4. cxd5 exd5 5. Nf3 Nc6 6. g3 Nf6 7. Bg2 Be7 8. O-O
O-O 9. dxc5 d4 10. Na4 Bf5 11. Bf4 Be4 12. Rc1 Qd5 13. a3 Rad8 14. b4 Qa2 15.
Ra1 Qd5 16. Nb2 a5 17. b5 Na7 18. a4 Bxc5 19. Bc7 Rd7 20. Bxa5 Re8 21. Nd3 Bd6
22. Rc1 Nc8 23. Bh3 Bf5 24. Bxf5 Qxf5 25. Nxd4 Qh3 26. Nf3 Ng4 27. Nf4 Qh6 28.
Rc4 Nf6 29. Qc2 Ne7 30. Bd2 1-0

[Event "Madrid ch Final"]
[Site "Madrid ESP"]
[Date "2005.03.16"]
[Round "9.2"]
[White "Ballesteros Gonzalez, David"]
[Black "Cortes Jurado, Rafael"]
[Result "1-0"]
[WhiteElo "2247"]
[BlackElo "2091"]
[PlyCount "95"]
[EventDate "2005.03.02"]
[EventType "tourn"]
[EventRounds "11"]
[EventCountry "ESP"]
[Source "lmi"]
[SourceDate "2005.03.20"]

1. d4 Nf6 2. c4 e6 3. Nf3 Bb4+ 4. Bd2 Qe7 5. a3 Bxd2+ 6. Qxd2 b6 7. Nc3 Bb7 8.
e3 O-O 9. Bd3 d6 10. e4 c5 11. dxc5 bxc5 12. O-O Nbd7 13. Rfe1 Rfd8 14. Qe2 Nb6
15. Rad1 Bc6 16. e5 dxe5 17. Nxe5 Qb7 18. Nxc6 Qxc6 19. Ne4 e5 20. b3 a5 21. a4
Rab8 22. Qf3 Rd4 23. Qf5 Nbd7 24. Bc2 g6 25. Nxf6+ Nxf6 26. Qxe5 Re8 27. Qg3
Rxe1+ 28. Rxe1 Rd2 29. Qc3 Qd6 30. g3 Qd4 31. Qxd4 cxd4 32. Bd1 d3 33. c5 Ne4
34. c6 Nxf2 35. c7 Nh3+ 36. Kh1 Nf2+ 37. Kg2 Nxd1+ 38. Kf3 Rf2+ 39. Ke4 Re2+
40. Kxd3 Rxe1 41. c8=Q+ Kg7 42. Kd2 Rh1 43. Qc5 h5 44. Qxa5 Nf2 45. Qe5+ Kg8
46. h4 Ng4 47. Qb8+ Kg7 48. a5 1-0

[Event "Madrid ch Final"]
[Site "Madrid ESP"]
[Date "2005.03.16"]
[Round "9.4"]
[White "Moreno Ruiz, Javier"]
[Black "Alvarez Abejon, Amilcar"]
[Result "1-0"]
[WhiteElo "2485"]
[BlackElo "2129"]
[PlyCount "79"]
[EventDate "2005.03.02"]
[EventType "tourn"]
[EventRounds "11"]
[EventCountry "ESP"]
[Source "lmi"]
[SourceDate "2005.03.20"]

1. d4 d5 2. c4 e6 3. Nc3 Be7 4. cxd5 exd5 5. Bf4 Nf6 6. e3 Bf5 7. Qb3 Nc6 8. a3
Na5 9. Qd1 O-O 10. Nf3 Rc8 11. Rc1 c6 12. Ne5 b5 13. Bd3 Bxd3 14. Nxd3 Ne4 15.
O-O Bd6 16. Bxd6 Qxd6 17. Nxe4 dxe4 18. Nc5 f5 19. b3 Rf6 20. Qd2 Rh6 21. g3
Qc7 22. f4 Nb7 23. Nxb7 Qxb7 24. Rc5 Rf6 25. Rfc1 Rd8 26. Qb4 g6 27. Re5 Rdd6
28. a4 a6 29. axb5 axb5 30. Ra1 Rfe6 31. Qc5 Rd5 32. Rxd5 cxd5 33. Ra7 Qc6 34.
b4 Rd6 35. Kf2 Qb6 36. h3 h6 37. Ra8+ Kf7 38. Qc8 g5 39. Qxf5+ Rf6 40. Qh7+ 1-0

[Event "Madrid ch Final"]
[Site "Madrid ESP"]
[Date "2005.03.16"]
[Round "9.5"]
[White "Franco Alonso, Alejandro"]
[Black "Barez Menendez, Hector"]
[Result "1-0"]
[WhiteElo "2387"]
[BlackElo "2206"]
[PlyCount "63"]
[EventDate "2005.03.02"]
[EventType "tourn"]
[EventRounds "11"]
[EventCountry "ESP"]
[Source "lmi"]
[SourceDate "2005.03.20"]

1. d4 d5 2. c4 e6 3. Nf3 Nf6 4. g3 Be7 5. Bg2 O-O 6. O-O dxc4 7. Qc2 a6 8. a4
c5 9. dxc5 Nc6 10. Na3 Bxc5 11. Nxc4 Qe7 12. Nfe5 Nb4 13. Qb3 a5 14. Bd2 Nfd5
15. Rfd1 b6 16. e4 Nc7 17. Bxb4 axb4 18. Nd3 Bb7 19. a5 Rad8 20. Nxb6 Bxb6 21.
axb6 Na6 22. Ne5 Qe8 23. Qc4 Rc8 24. Qd4 Qb5 25. Bf1 Qc5 26. Bxa6 Qxd4 27. Rxd4
Ra8 28. Rxb4 Bxa6 29. Rba4 Bb7 30. Rxa8 Bxa8 31. Nd7 Rc8 32. Rxa8 1-0

[Event "Madrid ch Final"]
[Site "Madrid ESP"]
[Date "2005.03.16"]
[Round "9.6"]
[White "Almagro Llanas, Pablo"]
[Black "Salgado Lopez, Oscar"]
[Result "1-0"]
[WhiteElo "2350"]
[BlackElo "2138"]
[PlyCount "37"]
[EventDate "2005.03.02"]
[EventType "tourn"]
[EventRounds "11"]
[EventCountry "ESP"]
[Source "lmi"]
[SourceDate "2005.03.20"]

1. e4 e6 2. d4 d5 3. Nc3 Nf6 4. Bg5 Be7 5. e5 Nfd7 6. h4 a6 7. Qg4 f5 8. Qh5+
g6 9. Qh6 Bxg5 10. hxg5 Qe7 11. Nge2 Nf8 12. Nf4 c6 13. g4 fxg4 14. Nd1 c5 15.
Ne3 cxd4 16. Nxg4 Qb4+ 17. Kd1 d3 18. Nf6+ Kf7 19. Nxd3 1-0

[Event "Madrid ch Final"]
[Site "Madrid ESP"]
[Date "2005.03.17"]
[Round "10.1"]
[White "Roa Alonso, Santiago"]
[Black "Salgado Lopez, Oscar"]
[Result "1-0"]
[WhiteElo "2360"]
[BlackElo "2138"]
[PlyCount "57"]
[EventDate "2005.03.02"]
[EventType "tourn"]
[EventRounds "11"]
[EventCountry "ESP"]
[Source "lmi"]
[SourceDate "2005.03.20"]

1. e4 c5 2. c3 Nf6 3. e5 Nd5 4. Nf3 e6 5. d4 cxd4 6. cxd4 b6 7. Nc3 Nxc3 8.
bxc3 Qc7 9. Bd2 d6 10. Bb5+ Bd7 11. Bd3 Nc6 12. Qe2 dxe5 13. dxe5 Bc5 14. O-O
h6 15. a4 g5 16. Qe4 Rd8 17. Rae1 Ne7 18. Qg4 Nf5 19. Bxf5 exf5 20. Qh5 Bc6 21.
Bxg5 Bxf3 22. Bxd8 Bxh5 23. Bxc7 Kd7 24. Bd6 Bxd6 25. exd6 Kxd6 26. f3 Rc8 27.
Rd1+ Kc5 28. Rd4 f6 29. Re1 1-0

[Event "Madrid ch Final"]
[Site "Madrid ESP"]
[Date "2005.03.17"]
[Round "10.2"]
[White "Barez Menendez, Hector"]
[Black "Almagro Llanas, Pablo"]
[Result "0-1"]
[WhiteElo "2206"]
[BlackElo "2350"]
[PlyCount "82"]
[EventDate "2005.03.02"]
[EventType "tourn"]
[EventRounds "11"]
[EventCountry "ESP"]
[Source "lmi"]
[SourceDate "2005.03.20"]

1. d4 d5 2. c4 c6 3. cxd5 cxd5 4. Nc3 Nf6 5. Nf3 Nc6 6. Bf4 Bf5 7. e3 e6 8. Bd3
Bxd3 9. Qxd3 Be7 10. Bg5 O-O 11. O-O Rc8 12. Rfc1 a6 13. Bxf6 Bxf6 14. Na4 Qe7
15. a3 Na5 16. b4 Nc4 17. Nc5 a5 18. Nd2 b6 19. Na4 b5 20. Nc5 e5 21. dxe5 Bxe5
22. Ra2 Rfd8 23. Qb1 Bd6 24. Nxc4 dxc4 25. Ne4 axb4 26. Nxd6 Qxd6 27. axb4 g6
28. h3 Ra8 29. Rxa8 Rxa8 30. Rd1 Qe5 31. Rd4 c3 32. g3 Qe6 33. Qc2 Qc6 34. e4
h5 35. Rd3 Rc8 36. Rd5 Qc4 37. Rd7 Qxb4 38. e5 Qc4 39. Re7 Qc5 40. Rb7 Qxe5 41.
Qb3 Qe1+ 0-1

[Event "Madrid ch Final"]
[Site "Madrid ESP"]
[Date "2005.03.17"]
[Round "10.3"]
[White "Alvarez Abejon, Amilcar"]
[Black "Franco Alonso, Alejandro"]
[Result "0-1"]
[WhiteElo "2129"]
[BlackElo "2387"]
[PlyCount "96"]
[EventDate "2005.03.02"]
[EventType "tourn"]
[EventRounds "11"]
[EventCountry "ESP"]
[Source "lmi"]
[SourceDate "2005.03.20"]

1. d4 Nf6 2. c4 e6 3. Nc3 Bb4 4. Qc2 O-O 5. a3 Bxc3+ 6. Qxc3 b6 7. Bg5 Ba6 8.
Qf3 Nc6 9. e3 Bb7 10. Qd1 d6 11. Ne2 Nb8 12. Nc3 Nbd7 13. Qd3 a5 14. Be2 e5 15.
Bf3 Qc8 16. O-O-O Re8 17. Bxb7 Qxb7 18. Bxf6 Nxf6 19. dxe5 Rxe5 20. Nd5 Nd7 21.
Kb1 Nc5 22. Qc2 a4 23. Nc3 Qxg2 24. Rhg1 Qf3 25. Rd4 Qf5 26. e4 Qd7 27. Nd5 Re6
28. e5 Rg6 29. Rg3 Re8 30. exd6 Qxd6 31. Rd1 Rxg3 32. hxg3 h6 33. Nc3 Qc6 34.
Qf5 Qe6 35. Qxe6 Rxe6 36. Rd8+ Kh7 37. Kc2 h5 38. Rc8 c6 39. Rb8 g5 40. Rxb6 h4
41. gxh4 gxh4 42. Rb8 Rf6 43. Re8 Rxf2+ 44. Kd1 h3 45. Re1 h2 46. Ne2 Nd3 47.
Rh1 Rg2 48. Rf1 Nf2+ 0-1

[Event "Madrid ch Final"]
[Site "Madrid ESP"]
[Date "2005.03.17"]
[Round "10.4"]
[White "De la Fuente Gonzalez, Francisco"]
[Black "Moreno Ruiz, Javier"]
[Result "0-1"]
[WhiteElo "2211"]
[BlackElo "2485"]
[PlyCount "98"]
[EventDate "2005.03.02"]
[EventType "tourn"]
[EventRounds "11"]
[EventCountry "ESP"]
[Source "lmi"]
[SourceDate "2005.03.20"]

1. d4 Nf6 2. Nf3 g6 3. Bg5 Bg7 4. Nbd2 O-O 5. e4 d5 6. Bd3 dxe4 7. Nxe4 Nxe4 8.
Bxe4 c5 9. c3 cxd4 10. cxd4 Nd7 11. O-O Nf6 12. Bxf6 Bxf6 13. Qb3 Qd6 14. Rfd1
a5 15. a4 Ra6 16. Qc3 Rd8 17. Rd3 Rb6 18. Qxa5 Rxb2 19. Rad1 b6 20. Qc3 Rb4 21.
Qa3 Rc4 22. h3 Ba6 23. Rb3 Qxa3 24. Rxa3 Rb4 25. Rb1 Rxb1+ 26. Bxb1 Bxd4 27.
Nxd4 Rxd4 28. Rb3 Rd6 29. Rb4 Kg7 30. f4 Kf6 31. Kf2 e6 32. Ke3 Ke7 33. Be4 Kd7
34. Rd4 Rxd4 35. Kxd4 Kd6 36. h4 Bc8 37. h5 gxh5 38. Bxh7 h4 39. Ke3 Bd7 40.
Bc2 Bc6 41. Kf2 Kc5 42. g3 hxg3+ 43. Kxg3 Kb4 44. f5 exf5 45. Bxf5 Kxa4 46. Kf4
Bd5 47. Ke5 Be6 48. Bc2+ Ka3 49. Kd6 b5 0-1